| 000 | 00598nam a2200205Ia 4500 | ||
|---|---|---|---|
| 003 | GCL | ||
| 008 | 140319s9999 xx 000 0 eng d | ||
| 020 | _a0894682288 | ||
| 040 |
_aGCL / _cGCL |
||
| 082 | 0 | 4 |
_a730.92 _bP A |
| 100 | 1 | _aROWER, ALEXANDER S.C | |
| 245 | 1 | 0 |
_aALEXANDER CALNDER 1898- 1976 / _cROWER, ALEXANDER S.C |
| 700 | 1 | _aPRATHER, MARLA | |
| 260 |
_aنيويورك : _bNATIONAL GALLERY OF ART ، _c1998 |
||
| 300 |
_a367 P _bILL. ؛ _c28 cm. |
||
| 650 | 0 | 4 | _aMODERN ART |
| 650 | 0 | 4 | _aCALDER, ALEXANDER |
| 650 | 0 | 4 | _aCALDER, ALEXANDER, 1898 - 1976 - EXHIBITIONS |
| 942 |
_2ddc _cBK |
||
| 999 |
_c4720 _d4720 |
||